000 00559nam a2200157Ia 4500
003 GCL
008 140319s9999 xx 000 0 ara d
040 _aGCL /
_cGCL
082 0 4 _a001.534
_bع ع
100 1 _aعلى الباز
245 1 0 _aالعلاقات العامة والعلاقات الانسانية والراى العام /
_cعلى الباز
260 _a[S.N] :
_bدار الجامعات المصرية
490 _aالمكتبة القانونية الخليجية
_v0
650 0 4 _aنظرية الراى والتصور
942 _2ddc
_cBK
999 _c39393
_d39393